Practical Applied Mechanics (Record no. 2070)

MARC details
000 -LEADER
fixed length control field 00362nam a2200157Ia 4500
008 - FIXED-LENGTH DATA ELEMENTS--GENERAL INFORMATION
fixed length control field 221030s9999 xx 000 0 und d
020 ## - INTERNATIONAL STANDARD BOOK NUMBER
ISBN 8186555277
041 ## - LANGUAGE CODE
Language code of text/sound track or separate title
082 ## - DEWEY DECIMAL CLASSIFICATION NUMBER
Classification number 105.23
Item number Mit
100 ## - MAIN ENTRY--AUTHOR NAME
Personal name R. Mittal
245 #0 - TITLE STATEMENT
Title Practical Applied Mechanics
260 ## - PUBLICATION, DISTRIBUTION, ETC. (IMPRINT)
Name of publisher G. K. Pub
Place of publication Jabalpur
Year of publication 1996
300 ## - PHYSICAL DESCRIPTION
Number of Pages 64
650 ## - SUBJECT ADDED ENTRY--TOPICAL TERM
Topical Term Mechanical
942 ## - ADDED ENTRY ELEMENTS (KOHA)
Koha item type Books
Holdings
Accession Number Cost, normal purchase price Full call number Price effective from Koha item type Withdrawn / writtenoff status Materials specified (bound volume or other part) Damaged status Not for loan Permanent Location Current Location Shelving location Date acquired Lost/ Missing status department
BE 2376 25.00 105.23 Mit 10/30/2022 Books   Print     MIET Library, Jammu MIET Library, Jammu BL-Academic Block- A, FL-1, CUP-5, SH-6, R-6 01/17/2001   BE
BE 1081 25.00 105.23 Mit 10/30/2022 Books   Print   Not For Loan MIET Library, Jammu MIET Library, Jammu BL-Second, FL-1, CUP-1, SH-3, R-3 02/17/2000   BE
BE 2367 25.00 105.23 Mit 10/30/2022 Books   Print     MIET Library, Jammu MIET Library, Jammu BL-Academic Block- A, FL-1, CUP-5, SH-6, R-6 12/17/2001   BE
BE 2368 25.00 105.23 Mit 10/30/2022 Books   Print     MIET Library, Jammu MIET Library, Jammu BL-Academic Block- A, FL-1, CUP-5, SH-6, R-6 12/17/2001   BE
BE 2369 25.00 105.23 Mit 10/30/2022 Books   Print     MIET Library, Jammu MIET Library, Jammu BL-Academic Block- A, FL-1, CUP-5, SH-6, R-6 12/17/2001   BE
BE 2370 25.00 105.23 Mit 10/30/2022 Books   Print   Not For Loan MIET Library, Jammu MIET Library, Jammu BL-Second, FL-1, CUP-1, SH-3, R-3 12/17/2001   BE
BE 2372 25.00 105.23 Mit 10/30/2022 Books   Print     MIET Library, Jammu MIET Library, Jammu BL-Academic Block- A, FL-1, CUP-5, SH-6, R-6 12/17/2001   BE
BE 2373 25.00 105.23 Mit 10/30/2022 Books   Print     MIET Library, Jammu MIET Library, Jammu BL-, FL-, CUP-0, SH-0, R-0 12/17/2001   BE
BE 2374 25.00 105.23 Mit 10/30/2022 Books   Print     MIET Library, Jammu MIET Library, Jammu BL-Academic Block- A, FL-1, CUP-5, SH-6, R-6 12/17/2001   BE
BE 2375 25.00 105.23 Mit 10/30/2022 Books   Print     MIET Library, Jammu MIET Library, Jammu BL-Academic Block- A, FL-1, CUP-5, SH-6, R-6 12/17/2001   BE
BE 2371 25.00 105.23 Mit 10/30/2022 Books   Print     MIET Library, Jammu MIET Library, Jammu BL-Academic Block- A, FL-1, CUP-5, SH-6, R-6 12/17/2001   BE